000 00450nam a2200181Ia 4500
001 24502
005 20260414151048.0
008 260414t2016||||xx |||||||||||||| ||spa||
041 _aESP
082 _a345.71
_bL36
100 _aLedesma Narváez, Marianella
_eAUT
245 0 _aLas medidas cautelares en el proceso civl
_b
260 _c2016
300 _a207 páginas :
_c24 cm.
650 _aDER
654 _aCDE
942 _cLIB
_dJUS
_fJUS
_2ddc
_n
999 _c24502
_d24502